Music Quiz

Random Music Quiz

What's Her Name Again? (Volume 2) Quiz Stats

 Plays Quiz not verified by Sporcle

Challenge
Share
Tweet
Score 0/60 Timer 12:00
0 Plays Today
Hint Answer % Correct
Ike and Tina said this was the name of the Riverboat queenMary
68.3%
She died in the church in The Beatles' song and was buried along with her nameEleanor
66.7%
Dion warned us to keep away from this runaround girl, unless you like to crySue
66.7%
Michael Jackson claimed she was dirty, trying to seduce every manDiana
63.5%
The Kinks said she walked like a woman and talked like a man Lola
61.9%
She had Derek & the Dominoes on their knees, begging, darling pleaseLayla
61.9%
She was Jack's Bobby Brooks slacks wearing partner in John Cougar Mellancamp's little dittyDiane
58.7%
Ooh, this pretty one made The Knack's motor run Sharona
58.7%
She could shake your confidence daily according to Simon & GarfunkelCecilia
57.1%
The Goo Goo Dolls would give up forever to touch herIris
57.1%
The Rolling Stones asked, 'Who could hang a name on you?' Ruby
57.1%
Storms were brewing in her eyes in Starship's song, but she was the poet in Fleetwood Mac's heartSara
49.2%
She wouldn't keep still in her '65 Mustang according to Wilson Pickett's songSally
47.6%
With a cherry ice cream smile, she danced across the land in Duran Duran's hit Rio
47.6%
CCR liked the way she walked and the way she talked, but they really loved herSusie
44.4%
The Everly Brothers got tired of being her clownCathy
42.9%
Elvis Costello tried to convince her that his aim was trueAlison
41.3%
Louis Armstrong greeted her with 'It's so nice to have you back where you belong'Dolly
41.3%
She lived in a world of make believe, but Helen Reddy said she was special ladyAngie
34.9%
Pure Prairie League wanted to stay with her for a while...or maybe longerAmie
34.9%
She was an East German border guard in Elton John's song Nikita
30.2%
Steely Dan saw her picture and her name in lights above itPeg
30.2%
Frankie Valli & the Four Seasons asked her to come out tonight in her red dressSherry
28.6%
Train introduced us to her: the girl who likes to sit at home and rip on the president Virginia
28.6%
Christopher Cross asked us to think about herLaura
28.6%
Dr. Hook used a dime on a pay phone to consult her mother Sylvia
27%
Europe said to her, 'This might be our last goodbye' and she left Cliff Richard no forwarding addressCarrie
27%
Ozark Mountain Daredevils found her living her life inside of a roomJackie
25.4%
Ready for the World wanted to love her 'til the morning comes. Oh! Sheila
25.4%
America flew back to Memphis to find her where they left her just to roam the cityDaisy Jane
23.8%
Hint Answer % Correct
She was the sunlight when skies were gray in B.W. Stevenson's popular hitMaria
23.8%
Frank Sinatra crooned to this girl with the laughing faceNancy
23.8%
She had David Bowie jazzin' for her, with her police bike and turned up noseJean
22.2%
She wanted to send him a letter and cried a bunch in Van Halen's song Jamie
22.2%
The Bee Gees pleaded with this woman: Be tender with my love Fanny
17.5%
Leonard Cohen said she'll feed you tea and oranges from ChinaSuzanne
17.5%
Concrete Blonde heard she was using someone else's number and she lost her happy glow in the Beach Boys' songCaroline
15.9%
Kiss ID'd her at sixteen years of ageChristine
15.9%
Mariilion asked her to remember the chalk hearts melting on a playground wall Kayleigh
14.3%
Words meant so little when she looked up at Gilbert O'Sullivan and smiled Clair
14.3%
She showed up at eight and moved in with StyxLorelei
12.7%
She was on the wall with a mocking smile in Suzanne Vega's songMarlene
12.7%
It doesn't matter what she says, The Cure wrote her a letter anywayElise
11.1%
ABBA was concerned if she could make it alone; Hey, Hey, Lush worried tooHelen
11.1%
The Wallflowers suspected she might taste just like sugar and tangerinesJosephine
11.1%
The Doobie Brothers sang, 'She was born with it in her soul, Lord, she knows how to rock 'n roll'Maxine
9.5%
When Johnny Mathis got a kiss from her, he felt so wonderful, so very wonderful Gina
9.5%
Jimmy Castor said when she got movin', her hips were hummin' in the windBertha
9.5%
Chuck Berry made the bus driver stop for herNadine
9.5%
Her smooth, round thigh made Moon Martin rush to get highRolene
9.5%
Things ain't been the same since she went away according to EnchantmentGloria
9.5%
Conway Twitty was lying there with another woman, but she was really on his mind Linda
9.5%
Datarock wanted to meet this woman, Ms. AndersonLaurie
7.9%
Bonnie Hayes and the Wild Combo warned her, 'Don't let your boyrfriend put you down.'Shelly
7.9%
Faces wanted her to drink a round to this town and bid goodbyeCindy
7.9%
M83 said she and Jessie had a secret world in the twilightKim
7.9%
Shaun Cassiday begged her. 'Hey, won't you come out tonight! The stars are dancing like diamonds in the moonlight.'Deanie
6.3%
She showed Boomer Castleman all the secret things that turn a boy into a manJudy Mae
6.3%
The Sugarcubes said she was too old, but the sun was much older Regina
4.8%
Gallery said this big city girl grew up in the country and left her Pa and MaRuth Ann
4.8%

You're not logged in!

Compare scores with friends on all Sporcle quizzes.
Join for Free
OR
Log In

You Might Also Like...

Show Comments

Extras

Created Mar 1, 2015ReportNominate
Tags:Girls Names, song title

Top Quizzes Today


Score Distribution

Your Account Isn't Verified!

In order to create a playlist on Sporcle, you need to verify the email address you used during registration. Go to your Sporcle Settings to finish the process.

Report this User

Report this user for behavior that violates our Community Guidelines.

Details: